| 000 -LEADER |
| fixed length control field |
00666nam a2200241Ia 4500 |
| 001 - CONTROL NUMBER |
| control field |
12143 |
| 003 - CONTROL NUMBER IDENTIFIER |
| control field |
GE_BSU |
| 005 - DATE AND TIME OF LATEST TRANSACTION |
| control field |
20221114145752.0 |
| 008 - FIXED-LENGTH DATA ELEMENTS--GENERAL INFORMATION |
| fixed length control field |
181216s2011||||enk|||||||||||||| ||eng|| |
| 020 ## - INTERNATIONAL STANDARD BOOK NUMBER |
| International Standard Book Number |
9780470748336x |
| 040 ## - CATALOGING SOURCE |
| Transcribing agency |
GE_BSU |
| 041 ## - LANGUAGE CODE |
| Language code of text/sound track or separate title |
eng |
| 080 ## - UNIVERSAL DECIMAL CLASSIFICATION NUMBER |
| Universal Decimal Classification number |
577 F-88 |
| 100 ## - MAIN ENTRY--PERSONAL NAME |
| Personal name |
Freeland, Joanna R. |
| 9 (RLIN) |
14755 |
| 245 ## - TITLE STATEMENT |
| Title |
Molecular Ecology. |
| Statement of responsibility, etc. |
Joanna R Freeland; Stephen D. Petersen. |
| 264 ## - PRODUCTION, PUBLICATION, DISTRIBUTION, MANUFACTURE, AND COPYRIGHT NOTICE |
| Place of production, publication, distribution, manufacture |
Oxford: |
| Name of producer, publisher, distributor, manufacturer |
Wiley-BlackWell, |
| Date of production, publication, distribution, manufacture, or copyright notice |
2011. |
| 300 ## - PHYSICAL DESCRIPTION |
| Extent |
449 p.: |
| Other physical details |
ill.; |
| Dimensions |
25 cm. |
| 300 ## - PHYSICAL DESCRIPTION |
| Other physical details |
ill. |
| 653 ## - INDEX TERM--UNCONTROLLED |
| keyword |
Molecular Ecology. |
| 653 ## - INDEX TERM--UNCONTROLLED |
| keyword |
ეკოლოგია |
| 700 ## - ADDED ENTRY--PERSONAL NAME |
| Personal name |
Petersen, Stephen D. |
| Relator term |
ავტორი |
| 9 (RLIN) |
14756 |
| 942 ## - ADDED ENTRY ELEMENTS (KOHA) |
| Koha item type |
წიგნი |
| Source of classification or shelving scheme |
|